000 00949nam a2200265Ia 4500
003 OSt
005 20220923224311.0
006 a|||||r|||| 00| 0
007 ta
008 220922b |||||||| |||| 00| 0 hin d
024 _a230,653
037 _cTextual
040 _aARTS
_cARTS
_bhin
041 _2hin
_ahin
082 _aO152,6M90:g, N6
100 _aमिश्र, कृष्ण बिहारी
245 0 _aगणेश शंकर विद्यार्थी
246 _aGaṇesh shankar vidyārthī
260 _aनई दिल्ली
_b साहित्य अकादेमी
_c1996
300 _a111पृ.
_ccm.
490 _aभारतीय साहित्य के निर्माता
650 _aहिन्दी साहित्य
_9156264
942 _hO152,6M90:g, N6
_cTEXL
_2CC
999 _c370488
_d370488